00347nam a22001337a 4500003000400000005001700004007001000021008004100031020001800072040000600090082001800096245008100114260001800195OSt20241024120612.0304 pages241024b |||||||| |||| 00| 0 eng d a9789386668479 c  a342.5402bSIN aConstitution of India, professional ethics and human rightscSingla, Shubham bCengagec2019